Памятная книжка Саратовской губернии... (Запись № 3736588)
[ простой вид ]
| 000 -МАРКЕР | |
|---|---|
| контрольное поле | 02307nam1a22003131i 4500 |
| 001 - ИДЕНТИФИКАТОР ЗАПИСИ | |
| контрольное поле | v19\rc\1427617 |
| 005 - ИДЕНТИФИКАТОР ВЕРСИИ | |
| контрольное поле | 20260407080512.0 |
| 035 ## - ДРУГИЕ СИСТЕМНЫЕ НОМЕРА | |
| Идентификатор записи | (NLR Aleph) 004675566 |
| 100 ## - ДАННЫЕ ОБЩЕЙ ОБРАБОТКИ | |
| Данные общей обработки | 20060620g18581916k||b0rusy50 ca |
| 101 0# - ЯЗЫК РЕСУРСА | |
| Язык текста, звукозаписи и т.д. | русский |
| 102 ## - СТРАНА ПУБЛИКАЦИИ ИЛИ ПРОИЗВОДСТВА | |
| Страна публикации | Российская Федерация |
| 105 ## - ПОЛЕ КОДИРОВАННЫХ ДАННЫХ: ТЕКСТОВЫЕ МАТЕРИАЛЫ, МОНОГРАФИЧЕСКИЕ | |
| Кодированные данные о монографическом текстовом документе | g ||||| |
| 200 1# - ЗАГЛАВИЕ И СВЕДЕНИЯ ОБ ОТВЕТСТВЕННОСТИ | |
| Основное заглавие | Памятная книжка Саратовской губернии... |
| Первые сведения об ответственности | [Саратовский губернский статистический комитет] |
| 210 ## - ПУБЛИКАЦИЯ, РАСПРОСТРАНЕНИЕ И ДР. | |
| Место издания, распространения и т.д. | Саратов |
| Имя издателя, распространителя и т. д. | типография губернского правления |
| Дата издания, распространения и т.д. | 1858-1916 |
| 215 ## - ФИЗИЧЕСКАЯ ХАРАКТЕРИСТИКА | |
| Размеры | 17-25, 23х30 |
| 300 ## - ОБЩИЕ ПРИМЕЧАНИЯ | |
| Текст примечания | Заглавие календаря на 1884, 1888, 1891, 1893, 1895, 1903: Адрес-календарь Саратовской губернии |
| 306 ## - ПРИМЕЧАНИЯ, ОТНОСЯЩИЕСЯ К ПУБЛИКАЦИИ, РАСПРОСТРАНЕНИЮ И ИСПОЛНЕНИЯ ИЗДАНИЯ | |
| Текст примечания | В примечании к перечню изданий губ. стат. комитета [Статистический сборник Саратовской губернии, с отчетом губернского статистического комитета, за 1889 год. - Саратов, 1890. - С. 37] сообщается, что "комитетом изданы "Памятные книжки" на 1858, 1859, 1860 и 1864 гг." |
| -- | Календари на 1861-1863, 1865, 1873-1879, 1885-1887, 1892, 1894, 1896-1897, 1899, 1905, 1908-1909, 1911, 1913, 1915 гг. не издавались |
| -- | Об издании календарей на 1866, 1870-1871, 1917 гг. нет сведений |
| -- | Факт издания календарей на 1867-1869, 1881-1883, 1901, 1906 гг. не установлен |
| 517 1# - ДРУГИЕ ВАРИАНТЫ ЗАГЛАВИЯ | |
| Вариант заглавия | Адрес-календарь Саратовской губернии |
| 606 1# - НАИМЕНОВАНИЕ ТЕМЫ КАК ПРЕДМЕТ | |
| Наименование темы | Должностные лица |
| Тематический подзаголовок | Списки |
| Географический подзаголовок | Саратовская губерния |
| Системный номер авторитетной/нормативной записи | 2505255 |
| Идентификатор авторитетной/нормативной записи | RU\NLR\AUTH\661485576 |
| 607 ## - ГЕОГРАФИЧЕСКОЕ НАИМЕНОВАНИЕ КАК ПРЕДМЕТ | |
| Географическое наименование | Саратовская губерния |
| Системный номер авторитетной/нормативной записи | 1569766 |
| Идентификатор авторитетной/нормативной записи | RU\NLR\AUTH\66987350 |
| 686 0# - ИНДЕКСЫ ДРУГИХ КЛАССИФИКАЦИЙ | |
| Индекс | Т3(2Р-4С)52я2 |
| Издание | LBC/SL |
| Код системы | |
| 686 0# - ИНДЕКСЫ ДРУГИХ КЛАССИФИКАЦИЙ | |
| Индекс | Х819(2)012я2 |
| Издание | LBC/SL |
| Код системы | |
| 712 02 - НАИМЕНОВАНИЕ ОРГАНИЗАЦИИ - ВТОРИЧНАЯ ОТВЕТСТВЕННОСТЬ | |
| Код отношения | Издатель |
| Начальный элемент ввода | Саратовский губернский статистический комитет |
| Идентификатор авторитетной/нормативной записи | RU\NLR\AUTH\8810040873 |
| Системный номер авторитетной/нормативной записи | 580944 |
| 801 #0 - ИСТОЧНИК ЗАПИСИ | |
| Страна | Российская Федерация |
| Организация | NLR |
| Правила каталогизации | psbo |
| 801 #1 - ИСТОЧНИК ЗАПИСИ | |
| Страна | Российская Федерация |
| Организация | ProSoft-M |
| Источник данных | rusmarc |
| 801 #2 - ИСТОЧНИК ЗАПИСИ | |
| Страна | Российская Федерация |
| Организация | NLR |
| Дата составления | 20161117 |
| Источник данных | rusmarc |
| 852 ## - МЕСТОНАХОЖДЕНИЕ И ШИФР ХРАНЕНИЯ | |
| Идентификатор организации | NLR |
| Шифр хранения (Call Number) | С595Сар/П15 |
| 942 ## - ДОПОЛНИТЕЛЬНЫЕ ЭЛЕМЕНТЫ ЗАПИСИ (АБИС) | |
| Тип экземпляра АБИС | Книга |
Нет доступных экземпляров.